Statistics for Famous Streets

Click here to take the quiz!

General Stats

  • This quiz has been taken 20,041 times
  • The average score is 12 of 20

Answer Stats

DescriptionStreet% Correct
Theater street of New YorkBroadway
93%
Street of the New York Stock ExchangeWall Street
83%
Generic primary street of a small town in the U.S.Main Street
77%
"Get your kicks" on this historic U.S. highwayRoute 66
77%
Follow this road to the Emerald City in the land of OzYellow Brick Road
74%
Ancient trade route between China and EuropeSilk Road
73%
Location of the Beatles studio and namesake of one of their albumsAbbey Road
71%
Most famous boulevard in Paris{Champs}-Élysées
71%
Street haunted by Freddy KruegerElm Street
66%
Where the White House is locatedPennsylvania Avenue
63%
New York shopping avenue home to the Saks department storeFifth Avenue
59%
Shopping drive in Beverly Hills – not a place for lassoing cattleRodeo Drive
59%
Hiking trail between Georgia and MaineAppalachian Trail
48%
New Orleans street of drunken debaucheryBourbon Street
48%
"Strip" in West Hollywood famous for nightclubsSunset Boulevard
48%
Stereotypical "row" for dive bars and vagrants. The original one was in Seattle.Skid Row
44%
Where Sweeney Todd workedFleet Street
39%
U.K. version of the aboveHigh Street
36%
Most famous highway of ancient RomeAppian Way
29%
London thoroughfare that goes past St. James Square. Namesake of a cigarette brand.Pall Mall
21%

Score Distribution

Percentile by Number Answered

Percent of People with Each Score

Your Score History

You have not taken this quiz